000 00580nam a2200205 i 4500
001 124539
003 ES-MaACL
005 20250813062625.0
007 t|
008 070329s1933 sp af ||||1| spa d
100 1 _aBaroja, Carmen.
_925750
245 1 3 _aEl encaje en España /
_cCarmen Baroja de Caro.
260 _aBarcelona :
_bLabor,
_c[1933]
300 _a197 p., XXXI p. lám. :
_bil. ;
_c17 cm.
490 1 _aColección Labor ;
_v314
650 0 4 _aEncajes.
_912234
830 0 0 _aColección Labor
_v314
_9184254
852 _aES-MaACL
_jE-2805
999 _c124539
_d124539